Statistics for The Hardest Quiz in JetPunk

Click here to take the quiz!

General Stats

  • This quiz has been taken 19 times
  • The average score is 6 of 15

Answer Stats

QuestionAnswer% Correct
This company has a lot of fried chickenKFC
94%
What are the first 10 digits of Pi?3.141592653
81%
What is 2^7?128
69%
How many official countries are in the world? (debate)195
69%
Guess the country, I border russia and one of the richest countries in the world.Finland
63%
This company has burgers and is loved by Gen Alpha kids.McDonalds
56%
What is my level? (Changes)15
38%
What is the world population?8.1 billion
38%
Guess the company for questions below me.Ok
25%
What is the only value of 3n+1 (collatz conjecture) that has a infinite loop?None
19%
What is the YouTube subscriber count?39.3 million
13%
What is 32932932819723 x 289127198272001?9.52e27
13%
Guess the word. (Hint: its another answer to a previous question.)Chick-fil-a
13%
This company is very fun for Gen Alpha kidsChuck E. Cheese
13%
This company is one of the most influential companies in the world.WeChat
13%

Score Distribution

Percentile by Number Answered

Percent of People with Each Score

Your Score History

You have not taken this quiz